Las religiones griega y romana

Αποθηκεύτηκε σε:
Λεπτομέρειες βιβλιογραφικής εγγραφής
Κύριος συγγραφέας: Hus, Alain (Συγγραφέας)
Μορφή: Βιβλίο
Γλώσσα:Ισπανικά
Έκδοση: Andorra la Vieja Casal i Vall 1963
Σειρά:Yo Sé-Yo Creo, la Enciclopedia del Católico en el Siglo XX, 142
Θέματα:
Ετικέτες: Προσθήκη ετικέτας
Δεν υπάρχουν, Καταχωρήστε ετικέτα πρώτοι!

MARC

LEADER 00000nam a2200000 a 4500
001 UCL5706
003 CL-VaPUC
008 040319e19630000AN |||||||||||||||||spa|d
082 0 4 |a 292.07  |b HUS  |2 21 
100 |a Hus, Alain  |e author  |9 483400 
245 1 4 |a Las religiones griega y romana 
300 |a 153 p 
942 |c BK 
945 |d 20040319 00:00:00  |a vberengu 
260 |a Andorra la Vieja  |b Casal i Vall  |c 1963 
650 0 |a Religión griega  |9 440084 
650 7 |a RELIGION ROMANA  |2 CL-VaPUC  |9 483401 
583 |a last modification  |c 20040319 00:00:00  |k Rodrigo Vera 
490 0 |a Yo Sé-Yo Creo, la Enciclopedia del Católico en el Siglo XX, 142 
999 |c 308146  |d 308144 
952 |0 0  |1 0  |4 0  |6 292_070000000000000_HUS_1963  |7 0  |8 A  |9 374421  |a BIBTEO  |b BIBTEO  |d 2019-11-21  |i 2106388  |o 292.07 HUS 1963  |p 2106388  |r 2025-01-17  |w 2019-11-21  |y BK  |k ICR 
952 |0 0  |1 0  |4 0  |6 292_070000000000000_HUS_1963  |7 0  |8 A  |9 374422  |a BIBTEO  |b BIBTEO  |d 2019-11-21  |i 2106396  |o 292.07 HUS 1963  |p 2106396  |r 2025-01-17  |w 2019-11-21  |y BK  |k ICR